[Event "36th Zalakaros Festival 2017"]
[Site "Zalakaros"]
[Date "2017.05.22"]
[Round "5"]
[White "Havasi, Gergo"]
[Black "Shyam, Sundar M"]
[Result "0-1"]
[WhiteElo "2402"]
[BlackElo "2535"]
[Annotator "TA"]
[PlyCount "92"]
[EventDate "2017.??.??"]
[EventType "swiss"]
[EventCountry "HUN"]
[SourceTitle "playchess.com"]
[Source "ChessBase"]
[SourceQuality "1"]

{[%evp 20,92,-14,-22,4,12,11,-7,-7,0,-19,-23,0,-9,0,0,33,46,56,50,66,61,77,67,67,62,65,66,82,75,73,69,79,60,66,22,32,0,0,0,0,0,0,0,0,-28,-20,-38,-41,-31,-32,-54,-25,-52,-39,-33,-14,-14,-15,-637,-627,-637,-632,-635,-635,-613,-599,-617,-634,-662,-643,-635,-624,-624,-571]} 1. e4 e5 2. Nf3 Nc6 3. Bc4 Bc5 4. O-O Nf6 5. d3 O-O 6. c3 a6 7. Bb3 d6 8. h3 {C54: Giuoco Piano: 4 c3 Nf6, main lines with 5 d4 and 5 d3} h6 9. Re1 Ba7 (9... Re8 10. Nbd2 Ba7 11. Nf1 Be6 12. Ng3 Bxb3 13. Qxb3 Qd7 14. Be3 Bxe3 15. Rxe3 d5 16. Rae1 dxe4 17. dxe4 Na5 18. Qc2 Rad8 19. b3 Nc6 20. R3e2 {½-½ (52) Harikrishna,P (2762)-Matlakov,M (2691) Germany 2017}) 10. Be3 Bxe3 11. Rxe3 {LiveBook: 4 Games} Ne7 12. d4 Ng6 13. dxe5 $146 ({Predecessor:} 13. Nbd2 Qe7 14. Nf1 Nf4 15. Ng3 g6 16. Ne1 Kh7 17. Nd3 {½-½ (26) Gomez Baillo,J (2450)-Soppe,G (2350) Santiago de Chile 1987}) 13... dxe5 14. Qxd8 Rxd8 15. Nbd2 b5 16. Bc2 Be6 17. Nb3 Bxb3 18. axb3 Rd6 19. b4 Rad8 20. g3 Nh7 21. Bb3 Kf8 22. Kf1 (22. h4 $5 {[%cal Rh4h5]}) 22... Ng5 23. Ng1 Ne6 24. h4 h5 25. Nf3 Ke7 26. Ke2 (26. Bd5 $5) 26... f6 27. Ke1 Ngf8 28. Re2 c5 29. bxc5 Nxc5 30. Bc2 Rc6 31. Rd2 Rb8 32. Ng1 (32. b4 $5 {[%cal Rb4c5]} Nb7 33. Rd3 $11) 32... b4 33. f3 bxc3 34. bxc3 Nfe6 35. Ne2 g5 36. Kf2 Rb2 {...Nb3 is the strong threat.} 37. Ke3 gxh4 38. gxh4 Nf4 $36 {[%mdl 2048] White is under pressure.} 39. Ng3 $2 {[%mdl 8192] [#]} (39. Nxf4 $11 exf4+ 40. Ke2) 39... Nb3 $1 $19 {Black is clearly winning.} 40. Nf5+ Ke8 41. c4 Rxc2 42. Rxc2 {And now Rg1 would win.} Nxa1 43. Rb2 Kd8 44. Rd2+ {[#]} Kc7 $1 45. Ra2 Nb3 46. Ra3 Nc5 {Precision: White = 43%, Black = 67%.} 0-1

[Event "36th Zalakaros Festival 2017"]
[Site "Zalakaros"]
[Date "2017.05.22"]
[Round "5"]
[White "Tompa, Janos"]
[Black "Szente Varga, Fruzsina"]
[Result "1-0"]
[WhiteElo "2392"]
[BlackElo "2190"]
[Annotator "NA"]
[PlyCount "53"]
[EventDate "2017.??.??"]
[EventType "swiss"]
[EventCountry "HUN"]
[SourceTitle "playchess.com"]
[Source "ChessBase"]
[SourceQuality "1"]
[TimeControl "40/5400+30:1800+30"]

1. f4 {[%emt 0:00:03]} e5 {[%emt 0:02:09]} 2. e4 {[%emt 0:00:15]} d5 {[%emt 0:00:04]} 3. exd5 {[%emt 0:00:22]} exf4 {[%emt 0:00:06]} 4. Nf3 {[%emt 0:02:11]} Bd6 {[%emt 0:01:45]} 5. Bb5+ {[%emt 0:01:18]} c6 {[%emt 0:02:18]} 6. dxc6 {[%emt 0:00:30]} bxc6 {[%emt 0:00:19]} 7. Be2 {[%emt 0:02:51]} Ne7 {[%emt 0:00:24]} 8. O-O {[%emt 0:00:45]} O-O {[%emt 0:00:15]} 9. Nc3 {[%emt 0:01:05]} Bg4 {[%emt 0:05:54]} 10. d4 {[%emt 0:22:46]} f6 {[%emt 0:00:31]} 11. Ne1 {[%emt 0:04:05]} Bxe2 {[%emt 0:05:36]} 12. Qxe2 $14 {[%emt 0:01:26]} g5 {[%emt 0:05:02]} 13. Qe6+ {[%emt 0:08:00]} Kg7 {[%emt 0:00:06]} 14. Ne4 {[%emt 0:00:11]} Bc7 {[%emt 0:00:16]} 15. Nf3 {[%emt 0:00:58]} Ng6 {[%emt 0:29:59]} 16. Re1 {[%emt 0:05:51]} g4 {[%emt 0:06:45]} 17. Qxg4 {[%emt 0:00:55]} f5 {[%emt 0:00:12]} 18. Qh5 {[%emt 0:00:05]} fxe4 {[%emt 0:00:46]} 19. Ng5 {[%emt 0:00:10]} Qxd4+ {[%emt 0:08:52]} 20. Be3 {[%emt 0:00:27]} Qe5 {[%emt 0:00:37]} 21. Qxh7+ {[%emt 0:01:16]} Kf6 {[%emt 0:00:04]} 22. Bxf4 {[%emt 0:04:26]} Qxf4 {[%emt 0:10:50]} 23. Nxe4+ Ke6 {[%emt 0:00:45]} 24. Qxg6+ {[%emt 0:10:37]} Kd5 {[%emt 0:00:18]} 25. Nc3+ {[%emt 0:04:41]} Kc5 {[%emt 0:00:23]} 26. b4+ {[%emt 0:00:20]} Kb6 {[%emt 0:00:44]} 27. Nd5+ {[%emt 0:00:13]} 1-0

[Event "36th Zalakaros Festival 2017"]
[Site "Zalakaros"]
[Date "2017.05.22"]
[Round "5"]
[White "Paschall, William M"]
[Black "Injac, Teodora"]
[Result "1/2-1/2"]
[WhiteElo "2380"]
[BlackElo "2296"]
[Annotator "NA"]
[PlyCount "67"]
[EventDate "2017.??.??"]
[EventType "swiss"]
[EventCountry "HUN"]
[SourceTitle "playchess.com"]
[Source "ChessBase"]
[SourceQuality "1"]
[TimeControl "40/5400+30:1800+30"]

1. c4 {[%emt 0:00:29]} g6 {[%emt 0:00:37]} 2. Nc3 {[%emt 0:01:42]} Bg7 {[%emt 0:00:05]} 3. g3 {[%emt 0:00:39]} Nf6 {[%emt 0:00:29]} 4. Bg2 O-O {[%emt 0:00:38]} 5. Nf3 {[%emt 0:02:07]} d6 {[%emt 0:01:52]} 6. O-O {[%emt 0:04:18]} e5 {[%emt 0:00:07]} 7. d3 {[%emt 0:02:24]} Nc6 {[%emt 0:00:20]} 8. Bg5 {[%emt 0:00:50]} h6 {[%emt 0:01:25]} 9. Bxf6 {[%emt 0:02:29]} Qxf6 {[%emt 0:04:25]} 10. Rc1 {[%emt 0:03:25]} Be6 {[%emt 0:08:55]} 11. Nd2 {[%emt 0:03:02]} Qd8 {[%emt 0:03:26]} 12. b4 {[%emt 0:02:27]} Qc8 {[%emt 0:06:44]} 13. b5 {[%emt 0:01:02]} Ne7 {[%emt 0:00:03]} 14. Nd5 $14 {[%emt 0:00:37]} Nxd5 {[%emt 0:18:45]} 15. cxd5 {[%emt 0:00:25]} Bg4 {[%emt 0:00:43]} 16. Nc4 {[%emt 0:14:37]} Qd7 {[%emt 0:03:46]} 17. f3 {[%emt 0:01:35]} Bh3 {[%emt 0:00:45]} 18. Bxh3 {[%emt 0:07:12]} Qxh3 {[%emt 0:00:03]} 19. e4 {[%emt 0:00:23]} h5 20. Qd2 {[%emt 0:09:28]} Kh7 {[%emt 0:05:46]} 21. Rc2 {[%emt 0:03:36]} Bh6 {[%emt 0:01:48]} 22. Qg2 {[%emt 0:01:37]} Qd7 {[%emt 0:01:45]} 23. a4 {[%emt 0:02:19]} a6 {[%emt 0:00:55]} 24. Rb2 {[%emt 0:02:28]} axb5 {[%emt 0:01:24]} 25. axb5 {[%emt 0:00:06]} b6 {[%emt 0:04:27]} 26. Kh1 {[%emt 0:02:28]} f5 {[%emt 0:01:56]} 27. Qh3 {[%emt 0:11:46]} Qf7 {[%emt 0:02:22]} 28. Qg2 {[%emt 0:04:12]} fxe4 {[%emt 0:07:03]} 29. dxe4 {[%emt 0:00:42]} Qd7 {[%emt 0:00:30]} 30. Qe2 {[%emt 0:03:03]} Qh3 {[%emt 0:01:46]} 31. Qg2 {[%emt 0:00:50]} Qd7 {[%emt 0:11:04]} 32. Qe2 {[%emt 0:00:41]} Qh3 {[%emt 0:00:06]} 33. Qg2 {[%emt 0:00:06]} Qd7 {[%emt 0:01:55]} 34. Qe2 1/2-1/2

[Event "36th Zalakaros Festival 2017"]
[Site "Zalakaros"]
[Date "2017.05.22"]
[Round "5"]
[White "Arman, Deniz"]
[Black "Varga, Klara"]
[Result "1-0"]
[WhiteElo "2377"]
[BlackElo "2240"]
[Annotator "NA"]
[PlyCount "55"]
[EventDate "2017.??.??"]
[EventType "swiss"]
[EventCountry "HUN"]
[SourceTitle "playchess.com"]
[Source "ChessBase"]
[SourceQuality "1"]
[TimeControl "40/5400+30:1800+30"]

1. d4 {[%emt 0:00:04]} e6 {[%emt 0:00:42]} 2. e4 {[%emt 0:01:17]} d5 {[%emt 0:00:05]} 3. Nc3 {[%emt 0:00:13]} Nc6 {[%emt 0:00:12]} 4. Nf3 {[%emt 0:02:30]} Nf6 {[%emt 0:00:23]} 5. Bd3 {[%emt 0:03:40]} Bb4 {[%emt 0:00:44]} 6. O-O {[%emt 0:04:44]} Bxc3 {[%emt 0:01:18]} 7. exd5 {[%emt 0:00:29]} Nxd5 {[%emt 0:00:08]} 8. bxc3 {[%emt 0:00:10]} Nxc3 {[%emt 0:00:02]} 9. Qd2 {[%emt 0:03:01]} Nd5 {[%emt 0:00:06]} 10. Ba3 {[%emt 0:01:31]} Nde7 {[%emt 0:00:30]} 11. Qg5 {[%emt 0:08:17]} Ng6 {[%emt 0:22:56]} 12. Qg3 {[%emt 0:00:55]} Nce7 $18 {[%emt 0:07:38]} 13. h4 {[%emt 0:00:55]} O-O {[%emt 0:00:08]} 14. h5 {[%emt 0:02:45]} Nh8 {[%emt 0:01:34]} 15. Ng5 {[%emt 0:09:39]} f5 {[%emt 0:01:30]} 16. Bc4 {[%emt 0:04:56]} Rf6 {[%emt 0:01:09]} 17. d5 {[%emt 0:07:13]} Nxd5 {[%emt 0:16:23]} 18. Bxd5 {[%emt 0:00:59]} exd5 {[%emt 0:00:02]} 19. Rfe1 {[%emt 0:05:52]} f4 {[%emt 0:01:55]} 20. Qc3 {[%emt 0:09:37]} Rc6 {[%emt 0:08:08]} 21. Qd3 {[%emt 0:00:52]} g6 {[%emt 0:08:41]} 22. Re7 {[%emt 0:03:10]} Rd6 {[%emt 0:14:45]} 23. Bxd6 {[%emt 0:01:46]} Qxd6 {[%emt 0:00:06]} 24. Re8+ {[%emt 0:03:08]} Kg7 {[%emt 0:00:02]} 25. Rxh8 {[%emt 0:00:14]} Qe5 {[%emt 0:06:33]} 26. Rxh7+ {[%emt 0:00:06]} Kf8 {[%emt 0:00:06]} 27. Qa3+ {[%emt 0:01:47]} Kg8 {[%emt 0:00:55]} 28. Qe7 {[%emt 0:01:47]} 1-0

[Event "36th Zalakaros Festival 2017"]
[Site "Zalakaros"]
[Date "2017.05.22"]
[Round "5"]
[White "Gara, Anita"]
[Black "Jarmula, Lukasz"]
[Result "1-0"]
[WhiteElo "2373"]
[BlackElo "2469"]
[Annotator "TA"]
[PlyCount "117"]
[EventDate "2017.??.??"]
[EventType "swiss"]
[EventCountry "HUN"]
[SourceTitle "playchess.com"]
[Source "ChessBase"]
[SourceQuality "1"]

{[%evp 14,117,29,22,45,34,53,49,66,0,79,-4,10,3,12,0,15,-22,-27,-25,-29,-23,-28,-29,-6,-6,-6,-5,-2,-2,-7,-7,-5,-4,-5,-141,-140,-141,-141,-133,-144,-137,0,0,796,288,274,268,315,315,315,315,315,315,315,315,315,315,315,315,315,315,314,314,308,304,277,250,1138,1058,1134,1102,1055,871,1507,1276,5501,1124,9626,9621,9139,4133,9073,242,5369,5712,29971,3410,29951,1978,29975,29976,29976,29977,29977,29977,29971,29966,12824,12802,29986,29987,29987,29988,29988,29989]} 1. e4 e6 2. d4 d5 3. Nd2 Nc6 4. Ngf3 Nf6 5. e5 Nd7 6. c4 Be7 {C04: French Tarrasch: 3...Nc6} 7. Be2 O-O 8. O-O {LiveBook: 5 Games} a5 $146 {The position is equal.} ({Predecessor:} 8... f6 9. exf6 Bxf6 10. Nb3 Nb6 11. c5 Nc4 12. Bf4 a5 13. a4 Bd7 14. Qc1 e5 15. Bxc4 exf4 16. Bxd5+ {1-0 (52) Azarov,S (2648)-Timofeev,A (2665) Khanty-Mansiysk 2011}) 9. b3 b6 10. Re1 Bb7 11. Nf1 (11. cxd5 $14 exd5 12. Nf1) 11... Bb4 {[#]} (11... dxc4 $11 {keeps the balance.} 12. bxc4 Bb4) 12. Bd2 ({White should play} 12. cxd5 $1 $16 {[%mdl 512]} exd5 13. Bd2) 12... Bxd2 13. Qxd2 Ne7 14. Ne3 a4 15. Qc2 axb3 16. axb3 dxc4 17. bxc4 Rxa1 18. Rxa1 c5 19. d5 (19. Ng5 $2 Ng6 $19) 19... exd5 20. cxd5 Nxd5 {[%cal Be7d5,Bd5c3,Bc3e2,Be2d4,Bd4f3][%mdl 32]} 21. Qe4 $1 $40 {[%mdl 128] White attacks.} Nc3 22. Qxb7 Nxe2+ 23. Kf1 $1 {[%cal Rf1e2]} Nd4 {And now ...Nxf3 would win.} 24. Nc4 (24. Rd1 $1 $11 {remains equal.}) 24... Nxf3 $1 $17 25. gxf3 Qh4 26. Qd5 b5 27. Nd6 Qxh2 (27... Qf4 $17 28. Nxb5 Nxe5) 28. Nxf7 $1 $11 {Threatening mate with Nh6+.} Qh5 $2 {[%mdl 8192]} (28... Qh1+ $11 29. Ke2 Qh5 30. Nd6+ Kh8) 29. Ng5+ $2 (29. Ra8 {Intending Nh6+ and mate.} Rxa8 30. Ng5+ Kf8 31. Ne6+ Kg8 32. Nf4+ (32. Nxc5+ Qf7 $14) 32... Qf7 33. e6) 29... Kh8 $18 {[#] ...Qh1+ is the strong threat.} 30. e6 $1 {[%cal Re6d7,Be5e6,Be6e7][%mdl 32]} Nf6 {[#]} 31. e7 $1 {[%cal Re7f8]} ({Weaker is} 31. Qxc5 Kg8 $11) 31... Re8 ({Not} 31... Nxd5 32. exf8=R#) 32. Nf7+ Kg8 33. Qxh5 Nxh5 {[%mdl 4096] Endgame KRN-KRN} 34. Nd6 Nf6 {...Rb8 would now be nice for Black.} 35. Nxe8 Nxe8 {KR-KN} 36. Ra5 Kf7 37. Rxb5 Kxe7 38. Rxc5 Kd6 39. Ra5 Nf6 40. Kg2 h6 $2 (40... Ke6 41. Kg3 Nd5) 41. f4 {[%cal Bf3f4,Bf4f5][%mdl 32]} Ke6 42. f5+ Kf7 43. Kf3 Kg8 44. Kf4 Kh7 45. Ra4 (45. Ra8 $142 Nd7 46. Rd8) 45... Nh5+ 46. Ke5 Nf6 47. Rd4 (47. f3 $142 h5 48. Kf4) 47... Kg8 48. Rd8+ $2 (48. Ke6 {Hoping for f3.} Kh7 49. f3) 48... Kh7 $2 (48... Kf7 49. f3 Ke7) 49. f3 Ng8 50. Rf8 (50. Ke6 $142 h5 51. Rd2 Nf6 52. Kf7 Ng8 53. Rh2 Nh6+ 54. Ke6 Kg8 55. Rxh5) 50... Ne7 51. Ke6 (51. Rf7 $142 Ng8 52. Rf8 Ne7 53. Re8 Ng8 54. Rf8) 51... Ng8 52. Kf7 Nf6 53. Rd8 h5 54. Rd1 h4 55. Rh1 Kh6 56. f4 Nh5 57. Rxh4 {White mates.} g5 58. fxg5+ Kxg5 {[#]} 59. Rxh5+ $1 {Precision: White = 64%, Black = 31%.} 1-0

[Event "36th Zalakaros Festival 2017"]
[Site "Zalakaros"]
[Date "2017.05.22"]
[Round "5"]
[White "Papp, Petra"]
[Black "Hardicsay, Peter"]
[Result "1/2-1/2"]
[WhiteElo "2371"]
[BlackElo "2218"]
[Annotator "TA"]
[PlyCount "33"]
[EventDate "2017.??.??"]
[EventType "swiss"]
[EventCountry "HUN"]
[SourceTitle "playchess.com"]
[Source "ChessBase"]
[SourceQuality "1"]

{[%evp 15,33,41,62,62,42,48,64,27,8,-9,-7,-112,-105,-118,-60,-56,-49,-144,-143,-136]} 1. e4 c6 2. d4 d5 3. e5 Bf5 4. h4 h6 5. g4 Bd7 6. Nc3 {B12: Caro-Kann: Advance Variation} (6. Be3 Qb6 7. Nd2 e6 8. Nb3 Na6 9. h5 c5 10. dxc5 Nxc5 11. Nf3 Qc7 12. c3 b6 13. Nbd4 a6 {½-½ (56) Nepomniachtchi,I (2767)-Dreev,A (2652) Doha 2016}) 6... e6 7. Be3 c5 8. dxc5 Qc7 {LiveBook: 4 Games} 9. Nb5 Bxb5 $1 10. Bxb5+ Nc6 {[#] ...Qa5+ is the strong threat.} 11. Qd2 $146 ({Predecessor:} 11. c3 Qxe5 12. Qa4 Qc7 13. Nf3 a6 {0-1 (72) Sevian,S (2578)-Dreev,A (2644) Wijk aan Zee 2016}) 11... d4 12. Bf4 Bxc5 13. b4 (13. O-O-O $11 {remains equal.}) 13... Bb6 14. Nf3 O-O-O ({Better is} 14... a6 $17 15. Ba4 Nge7) 15. O-O $15 Nge7 16. Bd3 ({White should play} 16. a3 $15) 16... Nd5 $17 17. Rab1 {Precision: White = 21%, Black = 62%.} 1/2-1/2

[Event "36th Zalakaros Festival 2017"]
[Site "Zalakaros"]
[Date "2017.05.22"]
[Round "5"]
[White "Li, Bo"]
[Black "Bagi, Mate"]
[Result "0-1"]
[WhiteElo "2359"]
[BlackElo "2455"]
[Annotator "TA"]
[PlyCount "56"]
[EventDate "2017.??.??"]
[EventType "swiss"]
[EventCountry "HUN"]
[SourceTitle "playchess.com"]
[Source "ChessBase"]
[SourceQuality "1"]

{[%evp 11,56,18,35,8,77,0,23,-23,-18,-12,7,8,76,65,100,-67,0,0,39,-28,-5,-44,-32,-29,-36,-34,-37,-48,-51,-52,-58,-79,-62,-130,-130,-130,-119,-111,-127,-127,-112,-202,-197,-260,-192,-613,-312]} 1. d4 Nf6 2. c4 g6 3. Nc3 d5 4. Nf3 Bg7 5. Qb3 dxc4 6. Qxc4 Be6 7. Qb5+ {D96: Grünfeld: Russian System (5 Qb3): sidelines} Bd7 (7... Nc6 8. Qxb7 Bd7 9. Qb3 Rb8 10. Qd1 Bf5 11. a3 O-O 12. e3 e5 13. Be2 exd4 14. exd4 Ne4 {½-½ (37) Lenic,L (2641)-Gupta,A (2645) chess.com INT 2017}) 8. Qb3 ({White should play} 8. Qxb7 $16 Bc6 9. Qb3) 8... c5 $11 9. d5 {White has an edge.} b5 10. Nxb5 Qa5+ 11. Nc3 {Bd2 is the strong threat.} Na6 $146 (11... Nxd5 $11 12. Qxd5 Bxc3+ 13. Bd2 Bc6 14. Bxc3 Qxc3+ 15. bxc3 Bxd5) ({Predecessor:} 11... Nxd5 12. Qxd5 Bxc3+ 13. Bd2 Bxd2+ 14. Qxd2 Nc6 15. Qxa5 Nxa5 {½-½ (32) Elsness,F (2442)-Roganovic,M (2478) Novi Sad 2016}) 12. Nd2 $16 Rb8 13. Qd1 $2 {[#]} (13. Nc4 $16 Rxb3 14. Nxa5 Rxc3 15. bxc3) 13... Ng4 (13... Nxd5 $1 $15 {[%mdl 512]} 14. Nxd5 Ba4) 14. Nb3 Qc7 15. e3 (15. h3 $1 $14 c4 16. hxg4 cxb3 17. axb3) 15... c4 $1 $40 {[%cal Rc4b3][%mdl 128] Black mounts an attack.} 16. Nd2 (16. Nd4 {is interesting.} Nxh2 17. Be2 h5 18. Qd2 Nb4 19. b3) 16... Ne5 17. Be2 Nd3+ 18. Bxd3 cxd3 19. O-O Nb4 {[%mdl 1024] Black has compensation.} 20. Nb3 O-O 21. e4 a5 {[%cal Ba7a5,Ba5a4][%mdl 32]} 22. Be3 (22. g3 $15) 22... Nc2 $17 {Hoping for ...a4.} 23. Qxd3 Nxa1 24. Rxa1 a4 25. Nc5 Rxb2 {Strongly threatening ...Rc8.} 26. Rc1 (26. d6 $17 Qxd6 27. Qxd6 exd6 28. Nxd7 Bxc3 29. Nxf8 Kxf8 30. Kf1) 26... Rc8 $19 27. a3 (27. g3 $142) 27... Qa5 28. Nd1 $2 {[#]} (28. Nxd7 Rb3 29. d6 exd6 30. g3) 28... Bb5 {Precision: White = 31%, Black = 72%.} 0-1

[Event "36th Zalakaros Festival 2017"]
[Site "Zalakaros"]
[Date "2017.05.22"]
[Round "5"]
[White "Rudolf, Michal"]
[Black "Kreisl, Robert"]
[Result "1/2-1/2"]
[WhiteElo "2340"]
[BlackElo "2448"]
[Annotator "TA"]
[PlyCount "68"]
[EventDate "2017.??.??"]
[EventType "swiss"]
[EventCountry "HUN"]
[SourceTitle "playchess.com"]
[Source "ChessBase"]
[SourceQuality "1"]

{[%evp 26,68,36,12,20,4,22,0,0,0,0,0,31,0,0,0,3,0,0,-3,0,-4,-4,-14,0,0,0,0,0,0,0,0,0,0,0,0,0,0,0,0,0,0,0,0,0]} 1. d4 Nf6 2. Nf3 d5 3. c4 e6 4. Nc3 c5 5. cxd5 Nxd5 6. e4 Nxc3 7. bxc3 cxd4 8. cxd4 Bb4+ 9. Bd2 Bxd2+ 10. Qxd2 O-O 11. Bc4 b6 12. O-O Bb7 13. Rfe1 Nd7 14. Rad1 Rc8 {D41: Queen's Gambit Declined: Semi-Tarrasch with 5 cxd5} 15. Bb3 Qf6 (15... Nf6 16. d5 exd5 17. exd5 Rc5 18. Re5 Qd6 19. h3 h6 20. Qf4 Nd7 21. Re4 Qxf4 22. Rxf4 {0-1 (56) Li,C (2755)-Harikrishna,P (2763) Stavanger 2016}) 16. h4 {[#]} h6 $146 ({Predecessor:} 16... Rfd8 17. Qg5 h6 18. Qg3 Rc3 19. e5 Qe7 20. d5 exd5 21. Bxd5 Bxd5 22. Rxd5 {0-1 (41) Fraczek,D (2412)-Socko,B (2635) Warsaw 2011}) 17. Qe3 Rfd8 18. Rd2 e5 19. dxe5 (19. Red1 $5 {[%cal Rd4e5]} Re8 20. Nxe5 Nxe5 21. dxe5 Qxe5 22. Rd7 $14) 19... Nxe5 {The position is equal.} 20. Nxe5 Qxe5 21. f4 Qe7 22. e5 Rxd2 ({Don't play} 22... Qxh4 $6 23. e6 $16) 23. Qxd2 Rd8 24. Qf2 Qb4 25. e6 fxe6 26. Rxe6 Bd5 27. Bxd5 Rxd5 $11 {[%mdl 4096] Endgame KQR-KQR} 28. Re8+ Kf7 29. Ra8 Qe7 30. Qg3 Qb7 31. Rh8 Qd7 32. Ra8 Qb7 33. Rh8 Qd7 34. Ra8 Qb7 {Precision: White = 70%, Black = 65%.} 1/2-1/2

[Event "36th Zalakaros Festival 2017"]
[Site "Zalakaros"]
[Date "2017.05.22"]
[Round "5"]
[White "Raja Harshit"]
[Black "Basso, Pier Luigi"]
[Result "1/2-1/2"]
[WhiteElo "2334"]
[BlackElo "2447"]
[Annotator "TA"]
[PlyCount "181"]
[EventDate "2017.??.??"]
[EventType "swiss"]
[EventCountry "HUN"]
[SourceTitle "playchess.com"]
[Source "ChessBase"]
[SourceQuality "1"]

{[%evp 17,181,0,8,-6,0,-26,44,0,24,23,50,40,97,92,149,114,138,0,15,0,95,0,0,-80,-76,-57,-68,-124,-161,-245,-126,-132,-39,-34,0,0,0,0,0,0,0,0,20,0,0,0,7,0,36,18,47,54,146,143,145,150,150,150,150,150,257,258,258,258,258,257,257,256,302,207,207,206,321,321,313,308,321,321,308,293,234,172,249,249,241,227,227,167,167,166,195,143,181,143,158,143,143,143,147,147,151,144,151,151,151,120,151,143,151,143,143,143,143,141,141,141,141,141,141,128,141,141,113,64,130,128,125,133,133,130,126,94,88,93,142,142,158,158,150,142,161,154,158,142,141,0,142,142,134,53,72,72,57,0,96,98,88,89,116,26,165,0,13,0,0,0]} 1. e4 e5 2. Nf3 Nc6 3. Bc4 Bc5 4. c3 Nf6 5. d3 O-O 6. O-O d5 7. exd5 Nxd5 8. a4 {C54: Giuoco Piano: 4 c3 Nf6, main lines with 5 d4 and 5 d3} Bf5 9. a5 a6 {LiveBook: 3 Games} 10. Qb3 $146 ({Predecessor:} 10. Nbd2 b5 11. axb6 Nxb6 12. Nb3 Be7 13. Bxa6 Rxa6 14. Rxa6 Bxd3 15. Ra1 Bxf1 16. Qxd8 Rxd8 17. Kxf1 {1-0 (46) Alekseev,E (2636)-Predke,A (2587) Sochi 2016}) 10... Nde7 11. Ng5 {[%cal Rg5f7,Bf3g5,Bg5e4,Be4c5][%mdl 32]} Bg6 (11... Bxd3 $11 12. Nxf7 Bxc4 13. Qxc4 Rxf7 14. Qxc5 Qd3) 12. Be3 Ba7 13. Nd2 h6 14. Nge4 Qb8 (14... Bxe3 $14 15. fxe3 Rb8) 15. Nc5 $16 {Strongly threatening Nd7.} Rd8 (15... Bf5 $142) 16. Nde4 ({Worse is} 16. Qxb7 Bxc5 17. Qxb8 Raxb8 $11) 16... Nf5 17. Bd5 (17. Qxb7 $16 Qxb7 18. Nxb7) 17... Nfe7 18. Bc4 (18. Bxc6 $11 bxc6 19. Qxb8 Bxb8 20. Bc1) 18... Nf5 19. Bd5 (19. Qxb7 $16 Qxb7 20. Nxb7) 19... Qc8 20. Qc4 (20. Rfe1 $11) 20... Nxa5 $17 21. Rxa5 c6 22. Be6 (22. Nxb7 $1 $15 Nxe3 23. Bxf7+ Bxf7 24. Qxf7+ $1 {[%mdl 512]} Kxf7 25. Nbd6+ Ke6 26. Nxc8 Raxc8 27. fxe3 Bxe3+ 28. Kh1) 22... fxe6 23. Raa1 (23. Bd2 {is a better defense.}) 23... Rd5 (23... b6 $19 24. Qxe6+ Qxe6 25. Nxe6 Rxd3) 24. b4 b6 (24... Nxe3 $17 25. fxe3 a5 $1 {[%mdl 512]} 26. bxa5 (26. Rxa5 $2 b6 $19) 26... Bxe4 27. Nxe4 Bxe3+ 28. Kh1 Qd7) 25. Qxa6 $15 bxc5 (25... Qxa6 {seems wilder.} 26. Nxa6 Nxe3 27. fxe3 b5 28. Nac5 Bxe4 29. dxe4 Rdd8) 26. Qxc8+ Rxc8 27. Rxa7 cxb4 28. cxb4 Rxd3 29. Nc5 Rd6 30. Nd7 Nxe3 31. fxe3 Bd3 {And now ...Rd8 would win.} 32. Rf2 Bb5 {( -> ...Rd1+)} 33. h3 Rd1+ 34. Kh2 e4 ({Black should play} 34... Rf1 $14 35. Rxf1 Bxf1) 35. Nc5 $16 {aiming for Rff7.} Rf1 36. Rxf1 Bxf1 37. Nxe6 {[%mdl 4096] Endgame KRB-KRN} g5 38. Nd4 Kf8 (38... Bc4 $16 39. Kg3 Rb8) 39. Rh7 $18 Kg8 40. Rxh6 c5 41. bxc5 Rxc5 42. Rf6 Bd3 43. Ne6 Re5 44. Kg3 Bc4 (44... Bb5 $142 45. h4 gxh4+ 46. Kxh4 Rd5) 45. Nd4 Kg7 46. Rc6 Bf1 47. Rc1 Bb5 48. Rc7+ Kf6 49. Rb7 Bf1 (49... Ba4 $142 50. Rb6+ Kf7) 50. Rb6+ Kf7 51. Rb1 Ba6 52. Ra1 Bc8 53. Ra7+ Ke8 54. Rg7 (54. Ra8 $18 Kd7 55. h4) 54... Bd7 55. Rg8+ Ke7 56. Ra8 Rc5 57. Ra3 Kf6 58. Ra6+ Ke7 59. Rb6 Rc3 60. Kf2 $1 Rc5 61. Rb4 Kf6 62. Rb3 Ke7 63. Kg3 Kf6 64. Ra3 Kf7 65. Kf2 Ke7 66. Ra7 Ke8 67. Rb7 Ke7 68. Ke2 Kd6 69. Rb6+ Ke7 70. Rb4 Ra5 (70... g4 $14) 71. Kf2 $16 Kf6 72. Rb7 Ra2+ 73. Kg3 Ke7 74. Rb6 Ra3 75. Rb3 Ra1 76. Ne2 $1 Ra5 77. Rb4 Re5 78. Nd4 Rc5 79. Nb3 $1 {[%cal Rb3c5]} Re5 80. Rc4 Kd6 81. Rb4 Ke7 $1 82. Nd2 Bc6 83. Rb8 (83. Kh2 $16) 83... Rd5 84. Rb6 Rc5 85. Rb4 (85. Nb3 $14 Rc3 86. Nd4) 85... Rc3 (85... Re5 $1 $11 {keeps the balance.}) 86. Kf2 $1 Rc2 87. Rd4 Ke6 {[#]} 88. Kg3 ({White should try} 88. Kg1 $1 $16) 88... Rc3 {[#]} (88... Ke5 $1 $11) 89. Kf2 $2 ({White has to play} 89. Rc4 $1 $18 {[%cal Rc4c3]} Rxc4 90. Nxc4) 89... Rc2 $1 $11 90. Ke2 Bb5+ 91. Kd1 {Precision: White = 52%, Black = 44%.} 1/2-1/2